000 00420nam a2200181Ia 4500
001 24661
005 20260414151058.0
008 260414t1998||||xx |||||||||||||| ||spa||
041 _aESP
082 _a345.721
_bL85 V.5
100 _aLohman Luca de Tena,Juan G.
_eAUT
245 0 _aEl arbitraje
_b
260 _c1998
300 _a199páginas :
_c\N
650 _aDER
654 _aCDE
942 _cLIB
_dJUS
_fJUS
_2ddc
_n
999 _c24661
_d24661